[Event "Stay Safe Play From Home 143"]
[Site "T#645979Emanuel Laske"]
[Date "2020.05.12"]
[Round "1"]
[White "Mepe_Nika"]
[Black "CastlingArrocco"]
[Result "1-0"]
[WhiteElo "2312"]
[BlackElo "2003"]
[Annotator "TA"]
[PlyCount "65"]
[EventDate "2020.05.12"]
[EventType "swiss (blitz)"]

{[%evp 9,65,18,52,34,37,31,36,20,25,24,27,22,41,31,18,22,14,14,52,16,35,27,27,0,0,0,20,-58,-54,-56,113,103,110,116,108,6,8,5,16,0,16,18,97,-14,-25,-41,-34,-285,-66,-227,0,0,608,606,596,573,588,-189]} 1. c4 d6 2. Nc3 g6 3. g3 Bg7 4. h4 h5 5. Bg2 {[#]} Nd7 $146 ({Predecessor:} 5... e5 6. Nf3 Nc6 7. O-O Bg4 8. Ng5 f6 9. Nge4 Nge7 10. Rb1 Qd7 11. Nd5 Nxd5 12. cxd5 {½-½ (38) Brodowski,P (2440)-Petrosian,S (2369) Germany 2016}) 6. d3 {A10: English Opening: Unusual Replies for Black.} c5 7. Nf3 Rb8 8. a3 {White is slightly better.} a6 9. Rb1 Ngf6 10. Bd2 Qc7 11. b4 b6 12. Qc1 O-O 13. Bh6 Ne5 (13... Bb7 {seems wilder.} 14. Bxg7 Kxg7 15. b5 axb5 16. Nxb5 Qd8) 14. Bxg7 Nxf3+ 15. Bxf3 Kxg7 16. Nd5 Nxd5 17. cxd5 Bb7 18. g4 (18. O-O $11) 18... hxg4 $15 19. Bxg4 Bc8 $2 (19... Bxd5 $15 {keeps the upper hand.} 20. Rg1 (20. e4 Bc6 $15) 20... e5) 20. Bf3 $1 $16 Bf5 {[#]} 21. h5 $1 {e4 is the strong threat.} Rh8 22. hxg6 (22. Qf4 $16) 22... Rxh1+ $11 23. Bxh1 {Black must now prevent gxf7.} Bxg6 24. Bf3 Rh8 25. bxc5 dxc5 (25... bxc5 $11 {keeps the balance.} 26. Kf1 f6) 26. Qc3+ (26. Qb2+ $16 f6 27. Qxb6) 26... f6 27. e3 Rh2 {Threatens to win with ...Bh5.} 28. Qb2 $2 {[%mdl 8192]} (28. Rb4 $1 $15) 28... Rh3 $2 (28... c4 $19 29. Be4 Qd7) 29. Ke2 $2 {[#]} ({White should play} 29. Be4 $15) 29... Qd7 $2 ({Better is} 29... c4 $1 $19 30. Be4 c3) 30. Rg1 $1 {And now Bg4 would win.} Qf5 $2 {[%mdl 8192]} (30... Rxf3 $11 31. Kxf3 Qxd5+ 32. Kg3 Kf7) 31. Be4 $18 {White is clearly winning.} Qh5+ 32. Kd2 Rh2 33. Kc3 $4 {[%mdl 40960] Accuracy: White = 57%, Black = 64%. . Sensor Board Error (Ke4/e5)?} (33. Ke1 $18 {avoids the disaster.}) 1-0

[Event "Stay Safe Play From Home 143"]
[Site "T#645979Emanuel Laske"]
[Date "2020.05.12"]
[Round "1"]
[White "rohit2007"]
[Black "Gmbasti"]
[Result "1-0"]
[WhiteElo "2248"]
[BlackElo "1619"]
[Annotator "TA"]
[PlyCount "51"]
[EventDate "2020.05.12"]
[EventType "swiss (blitz)"]

{[%evp 9,50,0,0,0,19,0,4,-11,4,-22,3,-24,-14,-25,-18,-26,0,-145,-40,-208,-86,-149,-17,-4,-9,-30,0,0,694,716,838,831,796,-240,-226,-330,-342,-352,364,358,345,322,29999]} 1. e4 c5 2. Nf3 e6 3. d4 d5 4. exd5 exd5 5. dxc5 Bxc5 6. Nc3 {D02: 1 d4 d5 2 Nf3 sidelines, including 2...Nf6 3 g3 and 2...Nf6 3 Bf4.} Be6 7. Bb5+ Nc6 8. O-O {The position is equal.} Nge7 9. Ne5 {[#]} Qc7 $146 ({Predecessor:} 9... O-O 10. Bxc6 Nxc6 11. Nxc6 bxc6 12. a3 Qd6 13. Na4 Bb6 14. Nxb6 axb6 15. b3 c5 {½-½ (43) Cvetkovski,F (1247)-Celeski,N (1021) Ohrid 2018}) 10. Nxc6 bxc6 11. Bd3 O-O 12. g3 Ng6 13. Qh5 (13. Na4 $1 $11 {remains equal.} Be7 14. Re1) 13... Bd4 (13... Qc8 $17 {aiming for ...Bg4.} 14. Be2 Bh3) 14. Bf4 $2 {[#]} (14. Ne2 $15 Bf6 15. c3) 14... Qe7 (14... Qd7 $1 $19 {has better winning chances.} 15. Bxg6 hxg6) 15. Bg5 (15. Na4 $142) 15... Bf6 (15... Qd7 $17 16. Qd1 Bg4) 16. Bxf6 $11 Qxf6 17. Rae1 Rae8 18. f4 $40 {[%mdl 128] [#] And now f5 would win. Black needs to defend precisely.} d4 $2 {[%mdl 8192]} (18... Qd4+ $11 19. Kh1 Bd7) 19. Ne4 $18 Qe7 20. Ng5 {[%csl Gg5][%cal Rh5h7]} h6 21. Bxg6 $4 {[%mdl 8192]} (21. Nxe6 $18 {and life is good for White.} fxe6 22. Qxg6) 21... fxg6 $19 22. Qxg6 (22. Rxe6 $142 gxh5 23. Rxe7 Rxe7 24. Nf3) 22... hxg5 23. f5 {[%cal Re1e6]} Bd5 $4 {[%mdl 8192]} (23... Bf7 $19 24. Rxe7 Bxg6 25. Rxe8 Bxe8) 24. Rxe7 $18 Rxe7 25. f6 ({But not} 25. Qxg5 Re2 $18) 25... Re2 $2 (25... Ref7 $18 26. Qxg5 Rxf6 27. Rxf6 Rxf6) 26. Qxg7# {Accuracy: White = 54%, Black = 21%.} 1-0

[Event "Stay Safe Play From Home 143"]
[Site "T#645979Emanuel Laske"]
[Date "2020.05.12"]
[Round "1"]
[White "Chessencounter"]
[Black "Tavares"]
[Result "1-0"]
[WhiteElo "2138"]
[BlackElo "1885"]
[Annotator "RC"]
[PlyCount "55"]
[EventDate "2020.05.12"]
[EventType "swiss (blitz)"]

1. Nf3 {[%emt 0:00:02]} d5 {[%emt 0:00:17]} 2. g3 {[%emt 0:00:02]} Nf6 {[%emt 0:00:01]} 3. Bg2 {[%emt 0:00:00]} e6 {[%emt 0:00:00]} 4. d4 {[%emt 0:00:00]} c5 {[%emt 0:00:00]} 5. O-O {[%emt 0:00:01]} Nc6 {[%emt 0:00:00]} 6. c3 {[%emt 0:00:01]} Be7 {[%emt 0:00:01]} 7. dxc5 {[%emt 0:00:01]} O-O {[%emt 0:00:00]} 8. b4 {[%emt 0:00:00]} Ne4 {[%emt 0:00:01]} 9. a3 {[%emt 0:00:01]} f5 {[%emt 0:00:02]} 10. Be3 {[%emt 0:00:01]} Bf6 {[%emt 0:00:01]} 11. Bd4 {[%emt 0:00:01]} b6 {[%emt 0:00:06]} 12. Nbd2 {[%emt 0:00:03]} e5 {[%emt 0:00:02]} 13. Be3 {[%emt 0:00:01]} bxc5 {[%emt 0:00:01]} 14. Bxc5 {[%emt 0:00:00]} Re8 {[%emt 0:00:01]} 15. Nxe4 {[%emt 0:00:01]} fxe4 {[%emt 0:00:01]} 16. Nd2 {[%emt 0:00:02]} a5 {[%emt 0:00:00]} 17. c4 {[%emt 0:00:01]} d4 {[%emt 0:00:02]} 18. Nxe4 {[%emt 0:00:01]} Bb7 {[%emt 0:00:01]} 19. Nd6 {[%emt 0:00:01]} Qc7 {[%emt 0:00:01]} 20. b5 {[%emt 0:00:02]} Ne7 {[%emt 0:00:05]} 21. Nxb7 {[%emt 0:00:01]} Rab8 {[%emt 0:00:04]} 22. Bd6 {[%emt 0:00:01]} Qd7 {[%emt 0:00:03]} 23. Bxb8 {[%emt 0:00:03]} Rxb8 {[%emt 0:00:02]} 24. Nxa5 {[%emt 0:00:00]} Qc7 {[%emt 0:00:02]} 25. Nc6 {[%emt 0:00:01]} Nf5 {[%emt 0:00:03]} 26. Bd5+ {[%emt 0:00:02]} Kf8 {[%emt 0:00:02]} 27. Qd3 {[%emt 0:00:00]} Nd6 {[%emt 0:00:01]} 28. Qxh7 {[%emt 0:00:00] Time (Lag: Av=1.13s, max=1.7s)} 1-0

[Event "Stay Safe Play From Home 143"]
[Site "T#645979Emanuel Laske"]
[Date "2020.05.12"]
[Round "1"]
[White "SoulofWolf"]
[Black "Ironmike"]
[Result "1-0"]
[WhiteElo "2112"]
[BlackElo "1943"]
[Annotator "TA"]
[PlyCount "97"]
[EventDate "2020.05.12"]
[EventType "swiss (blitz)"]

{[%evp 9,96,-23,14,-20,-4,-30,-29,-51,-51,-120,-42,-64,-29,-25,0,-43,-25,-20,4,-20,-17,-96,-94,-126,-120,-126,-126,-146,380,379,476,464,539,360,462,365,433,433,600,576,800,566,551,401,486,324,417,167,343,327,369,351,416,345,533,359,284,347,505,236,487,487,1116,-29997,1720,1554,1501,1473,29991,29992,29992,29992,29992,29993,29997,29995,29999,29995,29996,29996,29996,29997,29998,29998,29998,29998,29998,29999,29999]} 1. e4 b6 2. Nc3 Bb7 3. f4 e6 4. d3 d5 5. Bd2 {[#]} dxe4 $146 ({Predecessor:} 5... Nf6 6. e5 Nfd7 7. Nf3 d4 8. Ne4 Nc5 9. Nfg5 Be7 10. Qh5 Bxg5 11. Nxg5 Qe7 {0-1 (45) Padilla Cabero,P (2147)-Guijarro Galan,J (2206) Zornotza 2011}) 6. Nxe4 {B00: Queen's Fianchetto Defence, Nimzowitsch Defence.} Be7 (6... Nf6 {seems wilder.} 7. Qe2 c5 8. Nf3 Nc6 9. g3 Be7) 7. Nf3 (7. Qg4 {is interesting.} g6 8. O-O-O c5 9. Qh3 Nc6 10. Nf3) 7... Nf6 8. Nxf6+ {Black has an edge.} Bxf6 9. Be2 (9. c3 $15) 9... O-O ({Black should play} 9... Bxb2 $17 10. Rb1 Bf6) 10. c3 $15 Nd7 {[%cal Bb8d7,Bd7e5,Be5g6][%mdl 32]} 11. O-O e5 12. Kh1 exf4 13. Bxf4 Re8 14. Qd2 Ne5 15. Nd4 (15. Nxe5 $11 Bxe5 16. Rae1) 15... Ng6 $17 16. Bg3 Bxd4 17. cxd4 Qxd4 18. Rad1 Qd5 $2 {[%mdl 8192]} (18... c5 $17 {keeps the pressure on. White must now prevent ...Re3.} 19. Bh5 Rad8) 19. Bf3 $18 Qxa2 {[#] And now ...Bxf3 would win.} 20. Bxb7 Rad8 21. Bc6 Re6 22. Bf3 Qb3 23. d4 h5 24. Bxc7 Rde8 25. Bg3 h4 26. Bf2 h3 27. Qd3 Qxb2 28. Rd2 (28. gxh3 $142 {Bg3 is the strong threat.} Rf6 29. Be3) 28... Qb4 $2 {[#]} (28... Nf4) 29. Bg3 ({Don't take} 29. gxh3 Nf4) 29... Re3 30. Qc2 Qa5 31. Qa2 Qg5 (31... Qxa2 $142 32. Rxa2 hxg2+ 33. Kxg2 a5) 32. Re2 Rxe2 33. Bxe2 Qe3 (33... hxg2+ {keeps fighting.} 34. Kxg2 Rf8) 34. Bf3 (34. Qxf7+ $142 Kh7 35. Bh5) 34... hxg2+ $2 (34... Qxd4 {was necessary.} 35. gxh3 Ne5) 35. Bxg2 Nf4 (35... Kh7 $142 36. Qxa7 Qxd4 37. Qxf7 Rf8) 36. Re1 $4 {[%mdl 8192]} (36. Rxf4 $18 Qxf4 37. Bxf4 Re1+ 38. Bf1 {[%mdl 64] Clearance} Rxf1+ 39. Kg2 Rxf4 40. d5) 36... Qe2 $4 {[%mdl 8192]} (36... Qxe1+ $1 {and all is fine.} 37. Bxe1 Rxe1+ 38. Bf1 Rxf1#) 37. Rxe2 Rxe2 38. Qc4 Nxg2 39. Qxe2 {White mates.} Nh4 40. Qe8+ Kh7 41. Bxh4 g6 42. d5 Kh6 43. d6 {[%cal Re8h8]} Kh5 44. d7 Kxh4 45. d8=Q+ Kg4 46. Qxf7 Kh5 47. Qdf6 {[%csl Gf6][%cal Rf7g6]} Kg4 48. Q6xg6+ Kh4 49. Qfh7# {Never resign too early! Accuracy: White = 34%, Black = 18%.} 1-0

[Event "Stay Safe Play From Home 143"]
[Site "T#645979Emanuel Laske"]
[Date "2020.05.12"]
[Round "1"]
[White "Weltszmerc"]
[Black "Tobo Rubirosa"]
[Result "1-0"]
[WhiteElo "2096"]
[BlackElo "1398"]
[Annotator "TA"]
[PlyCount "63"]
[EventDate "2020.05.12"]
[EventType "swiss (blitz)"]

{[%evp 13,63,44,33,33,39,0,13,-22,26,29,27,27,38,40,49,47,39,44,37,-132,-119,-109,-118,-128,-109,-81,-88,-79,-77,-109,-122,-196,-170,-411,9,0,30,-178,131,68,885,245,452,360,356,339,1094,1088,29993,29994,29997,1793]} 1. d4 Nf6 2. c4 g6 3. Nc3 Bg7 4. e4 O-O 5. f3 d6 6. Nge2 Nc6 7. Be3 Rb8 8. d5 {E83: King's Indian: Sämisch Panno (6...Nc6): Lines without either Nge2 or Qd2.} Ne5 9. Nd4 a6 {[#]} 10. b4 $146 {The position is equal.} ({Predecessor:} 10. Be2 c5 11. dxc6 bxc6 12. Qd2 c5 13. Nb3 Rb4 14. Nd5 Nxd5 15. cxd5 a5 16. Rb1 {0-1 (31) Snijders,G-Bertholee,R (2343) Haarlem 2000}) 10... Bd7 11. Be2 c5 12. bxc5 dxc5 13. Nb3 b5 14. Nxc5 Nxc4 15. Bxc4 bxc4 16. Nxd7 $2 (16. O-O $14 {keeps the upper hand.}) 16... Nxd7 $17 17. Qd2 Ne5 $36 {[%mdl 2048] Black is in control.} 18. O-O Nd3 {Hoping for ...Rb2.} 19. Rab1 Rxb1 20. Rxb1 Qc7 21. Na4 Rb8 22. Rxb8+ (22. Nb6 $17) 22... Qxb8 $19 23. Nb6 $2 {[#]} (23. Qc2) 23... a5 $2 (23... Bh6 $1 $19 {[%cal Rh6e3][%mdl 512] ...Bxe3+ is the strong threat.} 24. Kf1 (24. Bxh6 Qxb6+) 24... Qxb6 $1 {[%mdl 512]} 25. Bxb6 Bxd2) 24. h3 Be5 25. Qxa5 $2 {[#]} (25. Qc2 $11) 25... Bh2+ $2 (25... c3 $1 $19 {[%cal Rc3c2]} 26. Qa4 Bf4) 26. Kh1 ({White should try} 26. Kf1 $16) 26... Qg3 $2 {[%mdl 8192]} (26... Bg3 $14 27. d6 Bxd6) 27. Qd2 $2 (27. Nd7 {Qd8+ would kill now.} Qe1+ 28. Qxe1 Nxe1 29. Kxh2) 27... Ne5 $2 (27... Qc7 {is a better defense.} 28. Qc2 Bf4) 28. Bd4 Nxf3 29. gxf3 {Threatens to win with Qh6.} Qxf3+ $2 (29... Bg1 30. Nxc4 (30. Bxg1 Qxh3+ 31. Qh2 Qxf3+ {[%mdl 64] Double Attack} 32. Qg2 Qh5+ 33. Qh2 Qf3+ {[%mdl 64] Double Attack} 34. Qg2 Qh5+ 35. Qh2 Qf3+ $11 {[%mdl 64] Double Attack}) 30... Bxd4 31. Qxd4 Qxf3+ 32. Kh2 Qe2+ 33. Kg3 Qe1+ 34. Qf2 Qxe4) 30. Kxh2 $18 Qf4+ 31. Qxf4 {[%cal Rf4b8]} f5 32. Qb8+ {Accuracy: White = 32%, Black = 44%.} (32. Qh6 $142 Kf7 33. Qg7+ Ke8 34. Qg8#) 1-0

[Event "Stay Safe Play From Home 143"]
[Site "T#645979Emanuel Laske"]
[Date "2020.05.12"]
[Round "1"]
[White "Lazieri3"]
[Black "MARIO1962"]
[Result "1-0"]
[WhiteElo "2095"]
[BlackElo "1445"]
[Annotator "TA"]
[PlyCount "35"]
[EventDate "2020.05.12"]
[EventType "swiss (blitz)"]

{[%evp 17,34,0,19,0,56,22,23,27,119,113,194,123,189,183,655,657,793,781,29999]} 1. e4 c6 2. Nc3 d5 3. Nf3 dxe4 4. Nxe4 Nf6 5. Nxf6+ exf6 6. d4 Bd6 7. Be3 O-O 8. Bd3 Re8 9. O-O Be6 10. h3 {[#] B15: Caro-Kann: 3 Nc3: 3...g6 and 3...dxe4 4 Nxe4 Nf6 5 Nxf6+ exf6.} Be7 $146 (10... Nd7 $11) ({Predecessor:} 10... Nd7 11. c4 Nf8 12. Qd2 Qd7 13. Bf4 Rad8 14. Bxd6 Qxd6 15. Rfd1 Re7 16. Rac1 Red7 17. b4 a6 18. a4 Qb8 19. Qb2 b5 20. axb5 axb5 21. cxb5 cxb5 {1-0 (45) Eidukas,P (1682)-Larre,L (1485) Oslo 2018}) 11. c3 Nd7 12. Qc2 {White has an edge.} Bd6 (12... Nf8 $11) 13. Bxh7+ $16 Kf8 (13... Kh8 $16 {was called for.}) 14. Bf5 (14. c4 $18) 14... Ke7 (14... Bxf5 $16 {was necessary.} 15. Qxf5 Kg8) 15. Rfe1 Bxf5 $2 {[#]} (15... Kf8 16. Bxe6 fxe6) 16. Qxf5 $18 Kf8 17. Qh7 Qe7 18. Qh8# {Accuracy: White = 62%, Black =  4%.} 1-0

[Event "Stay Safe Play From Home 143"]
[Site "T#645979Emanuel Laske"]
[Date "2020.05.12"]
[Round "1"]
[White "Lucknow"]
[Black "Little champs"]
[Result "0-1"]
[WhiteElo "1811"]
[BlackElo "2173"]
[Annotator "TA"]
[PlyCount "38"]
[EventDate "2020.05.12"]
[EventType "swiss (blitz)"]

{[%evp 9,38,41,74,75,77,68,79,44,43,62,80,59,81,78,153,22,81,75,122,133,199,185,195,97,115,-400,-395,-369,-46,-49,-27]} 1. d4 c6 2. c4 d5 3. e3 dxc4 4. Nf3 Nf6 5. Bxc4 g6 6. O-O {D10: Slav Defence: 3 cxd5 (without early Nf3) and 3 Nc3.} Bg7 7. Nc3 O-O 8. Qe2 {[#] White is better.} b5 $146 ({Predecessor:} 8... Bg4 9. h3 Bxf3 10. Qxf3 e6 11. Rd1 Nbd7 12. e4 Nb6 13. Bb3 Qe7 14. Bg5 h6 15. Bh4 g5 16. Bg3 Rfd8 17. Rac1 Rac8 18. e5 Ne8 {½-½ (53) Laho,M (1964)-Cyprian,M (1919) Slovakia 2012}) 9. Bd3 a6 10. a3 Nbd7 11. e4 Bb7 {[#]} ({Better is} 11... Nb6) 12. Be3 (12. e5 $1 $16) 12... c5 (12... Ng4 $11) 13. dxc5 $16 Rc8 {[#]} 14. b4 $1 Qc7 (14... Ng4 $16) 15. Rad1 Ne5 16. Nxe5 (16. Bc2 $18 {is more deadly.}) 16... Qxe5 17. Qc2 $2 {[%mdl 8192] [#]} (17. Bd2 $16 {stays on course.}) 17... Ng4 $1 $19 {[%csl Gg4,LRc3,LRh2][%cal Re5h2][%mdl 512]} 18. f4 Nxe3 $2 ({Black should try} 18... Qxc3 $19 19. Qxc3 Bxc3) 19. fxe5 $15 Nxc2 {[%mdl 32768] Accuracy: White = 49%, Black = 40%. . Loss on time!?} 0-1

[Event "Stay Safe Play From Home 143"]
[Site "T#645979Emanuel Laske"]
[Date "2020.05.12"]
[Round "1"]
[White "Tunca"]
[Black "Onlyforchess"]
[Result "0-1"]
[WhiteElo "1790"]
[BlackElo "2558"]
[Annotator "TA"]
[PlyCount "62"]
[EventDate "2020.05.12"]
[EventType "swiss (blitz)"]

{[%evp 13,62,-25,-29,-48,6,-313,-314,-312,-140,-537,-508,-531,-531,-510,-180,-585,-524,-519,-514,-510,-507,-526,-518,-610,-601,-1174,-614,-612,-604,-606,-591,-573,-433,-652,-641,-720,-713,-29990,-662,-29990,-1083,-1545,-1507,-1527,-1519,-29983,-29984,-29984,-29985,-29982,-29976]} 1. e4 c5 2. Nf3 Nc6 3. d4 cxd4 4. Nxd4 e5 5. Nb3 Nf6 6. Nc3 Bb4 7. Bd3 d5 {And now ...d4 would win.} 8. exd5 {B33: Sicilian: Pelikan and Sveshnikov Variations.} Qxd5 ({Black should play} 8... Nxd5 $15 9. Bd2 Nxc3 10. Bxc3 Bxc3+ 11. bxc3 O-O) 9. Bd2 $2 {[%mdl 8192]} (9. O-O $11 Bxc3 10. bxc3) 9... Qxg2 $19 10. Rf1 {[#] Black has a decisive advantage.} Bg4 $146 ({Resist} 10... Qxh2 11. Ne4 $17) (10... Bh3 $19 11. Qe2 Qxh2) ({Predecessor:} 10... O-O 11. Nb5 e4 12. Be2 a6 13. c3 Be7 14. N5d4 Ne5 15. Qc2 Bg4 16. O-O-O Bxe2 {0-1 (35) Weller,S-Nelson,E Seattle 2008}) 11. Be2 $2 {[%mdl 8192] This move loses the game for White.} (11. f3 $17 {was the crucial defense.} Bh3 12. Rf2 Qh1+ 13. Ke2 Qxd1+ 14. Rxd1) 11... O-O-O 12. Bxg4+ Nxg4 ({Not} 12... Qxg4 13. Qxg4+ Nxg4 14. f3 $17) 13. Qe2 Nd4 $2 $40 {[%mdl 128] Black goes for the king.} (13... Nxh2 {Threatens to win with ...Nf3+.} 14. f3 Qxf1+ 15. Qxf1 Nxf1 16. Kxf1 h5) 14. Qe4 $2 (14. Nxd4 {is a better chance.} exd4 15. Qc4+ Kb8 16. O-O-O dxc3 17. Bf4+ Ka8 18. Qxb4) 14... Qxe4+ 15. Nxe4 Nxc2+ 16. Ke2 {aiming for Rac1.} Bxd2 17. Nexd2 Nxa1 18. Nxa1 Nxh2 19. Rg1 f5 {Hoping for ...Rxd2+!} 20. Rxg7 Rd7 21. Rg2 Ng4 22. Nab3 Rhd8 23. Nc4 (23. f3 $142 Nf6 24. Rg5) 23... e4 24. Rg1 Rc7 25. Nca5 b5 (25... Rc2+ $142 26. Ke1 Nxf2 27. Kf1 Rd1+ 28. Kg2 Ng4+ 29. Kg3 Rxg1+ 30. Kf4 Rd1 31. Nxb7 e3 32. Na1 Rf2+ 33. Kg5 Kxb7 34. Nc2 Rxc2 35. a4 e2 36. a5 e1=Q 37. a6+ Kxa6 38. Kf4 Qe3+ 39. Kxf5 Rd5+ 40. Kxg4 Rc4#) 26. a4 Ne5 (26... Rc2+ $142 27. Ke1 Nxf2 28. Kf1 Rd1+ 29. Kg2 Ng4+ 30. Kg3 Rxg1+ 31. Kf4 bxa4 32. Kxf5 axb3 33. Kxe4 Rxb2 34. Kd3 {[#]} Rd2+ $1 {[%mdl 576] Clearance, Promotion} 35. Kxd2 b2 36. Kc3 b1=Q 37. Nc4 Rc1+ 38. Kd4 Qb4 $1 {[%mdl 512]} 39. Ke4 Rxc4+ 40. Kd3 Qc3+ 41. Ke2 Qe3+ 42. Kf1 Qf2#) 27. Nd4 Rxd4 28. axb5 Rd3 29. Nc6 Nxc6 {Black mates.} 30. bxc6 Rxc6 31. Rg8+ Kc7 {Accuracy: White = 19%, Black = 43%.} 0-1

[Event "Stay Safe Play From Home 143"]
[Site "T#645979Emanuel Laske"]
[Date "2020.05.12"]
[Round "1"]
[White "Ionutn28"]
[Black "Praveen prasad"]
[Result "1-0"]
[WhiteElo "1769"]
[BlackElo "2212"]
[Annotator "TA"]
[PlyCount "113"]
[EventDate "2020.05.12"]
[EventType "swiss (blitz)"]

{[%evp 9,113,41,50,31,50,12,20,10,26,17,25,31,35,20,20,10,9,8,10,0,28,18,25,8,9,0,0,0,0,0,7,0,8,0,0,0,0,0,0,0,3,0,0,0,9,0,0,-11,-8,-16,0,0,0,0,0,0,14,0,0,0,0,0,0,0,0,0,0,0,0,0,0,-204,0,0,0,0,0,0,0,0,0,0,0,0,0,0,0,0,0,0,0,0,0,0,0,0,0,0,0,0,0,0,0,0,0,0]} 1. e4 d5 2. exd5 Qxd5 3. Nc3 Qd8 4. Nf3 Nf6 5. d4 c6 6. Be3 {B01: Scandinavian Defence.} Bg4 7. Be2 e6 8. O-O (8. h3 {is more complex.} Bh5 9. Na4 Bd6 10. c4 Nbd7 11. Qd2) 8... Nbd7 9. h3 Bxf3 10. Bxf3 Be7 11. Qd2 O-O {[#]} 12. Ne4 $146 ({Predecessor:} 12. Qe2 Qc7 13. Rad1 Rfd8 14. Ne4 Nxe4 15. Bxe4 Nf6 16. Bd3 Qa5 17. a3 Rd7 18. c3 {0-1 (34) Serbanescu,D (1806)-Chirita,A (2088) Napoca 2008}) 12... Nxe4 13. Bxe4 Nf6 14. Bd3 Re8 15. c3 Bd6 16. Bf4 e5 17. dxe5 Bxe5 18. Bxe5 Rxe5 19. Rad1 Rd5 20. Qc2 Rd7 21. Bf5 Rxd1 22. Rxd1 Qa5 23. a3 Re8 24. Bd7 Rf8 25. Bf5 g6 26. Bd3 Qc7 27. Qe2 Kg7 28. Re1 (28. h4 {looks sharper.} Re8 29. Qd2 Qd7 30. g3 Re5 31. c4) 28... Re8 29. Qd2 Rxe1+ (29... Rd8 {keeps more tension.} 30. Rd1 Rd5 31. Qc2 Qd6 32. Be2 Rxd1+ 33. Bxd1 Nd7) 30. Qxe1 Qd7 31. Qe2 Nd5 32. Bc4 f6 33. Bxd5 Qxd5 $11 {[%mdl 4096] Endgame KQ-KQ} 34. Qe7+ Qf7 35. Qxf7+ Kxf7 {KP-KP} 36. Kf1 Ke6 37. Ke2 Kd5 38. Kd3 b5 39. b3 h5 40. h4 $2 {[#]} (40. g3 $11) 40... Kc5 $2 (40... g5 $1 $19 41. hxg5 fxg5) 41. g3 {The position is equal.} a6 42. f3 Kd5 43. g4 Kc5 44. gxh5 gxh5 45. Ke4 a5 $1 46. Kf5 {[#] aiming for b4+.} a4 47. bxa4 bxa4 48. Kxf6 Kc4 49. Ke6 {And now f4 would win.} Kb3 50. f4 {Black must now prevent f5.} Kxa3 {K3P-K3P} 51. f5 {Threatens to win with f6.} Kb3 52. f6 {Hoping for f7.} a3 {With the idea ...a2.} 53. f7 a2 54. f8=Q {Intending Qb4+ and mate.} a1=Q 55. Qb8+ Kc2 {...Qe1+ is the strong threat.} 56. Qh2+ Kb3 57. Qb8+ {[%mdl 32768] Accuracy: White = 95%, Black = 95%. . Loss on time!?} 1-0

[Event "Stay Safe Play From Home 143"]
[Site "T#645979Emanuel Laske"]
[Date "2020.05.12"]
[Round "1"]
[White "Trotsky"]
[Black "Don59as"]
[Result "1-0"]
[WhiteElo "1588"]
[BlackElo "2102"]
[Annotator "TA"]
[PlyCount "33"]
[EventDate "2020.05.12"]
[EventType "swiss (blitz)"]

{[%evp 9,32,17,33,23,29,34,21,-20,-7,-29,-2,-150,-156,-207,-102,-159,-139,-143,-135,-134,30,-36,41,26,29999]} 1. d4 d5 2. e3 e6 3. c4 Nf6 4. Nc3 dxc4 5. Bxc4 Be7 6. Nf3 {D20: Queen's Gambit Accepted: 3 e3 and 3 e4.} O-O 7. Qc2 b6 8. Bd3 {[#] The position is equal.} Bb7 $146 ({Predecessor:} 8... Ba6 9. Bxa6 Nxa6 10. O-O c5 11. a3 Qd7 12. Ne5 Qb7 13. Qa4 cxd4 14. exd4 Rac8 {0-1 (52) Ben Khedija,K (1953)-Chorfen,Y (1742) Hammamet 2019}) 9. Ng5 {[%cal Rg5h7]} h6 10. h4 (10. Nh7 $1 $11) 10... c5 (10... hxg5 11. hxg5 g6 12. Bxg6 $16 (12. gxf6 Bxf6 13. Be4 Bxe4 $14)) 11. Bd2 (11. Nce4 $17 {was necessary.} Nd5 12. Bb5) 11... Nbd7 (11... hxg5 $2 12. hxg5 g6 13. Bxg6 $16 (13. gxf6 Bxf6 14. dxc5 Na6 $14)) (11... Bxg2 12. Rg1) (11... Nc6 $19 {is more deadly.} 12. Nce4 cxd4) 12. O-O-O ({Better is} 12. Kf1) 12... Rc8 $17 (12... hxg5 13. hxg5 Re8 14. gxf6 $16) 13. Kb1 cxd4 ({Not} 13... hxg5 14. hxg5 g6 15. Bxg6 $16 (15. gxf6 Bxf6 16. Be4 Bxe4 $14)) 14. exd4 Nd5 $2 (14... hxg5 15. hxg5 Re8 16. gxf6 $16) ({Don't do} 14... Bxg2 15. Rhg1 $15) (14... a6 $17 15. Nh7 Re8 16. Nxf6+ Nxf6) 15. Bh7+ $11 Kh8 {[#] And now ...Nb4 would win.} 16. Bg8 $1 {[%mdl 576] Decoy, Clearance} Kxg8 $4 {[%mdl 8192]} (16... Nxc3+ $11 17. bxc3 Be4 18. Nxe4 (18. Qxe4 Nf6 $15 {[%mdl 64] Double Attack}) 18... Kxg8) (16... Rxg8 17. Nxf7#) 17. Qh7# {Accuracy: White = 61%, Black = 55%.} 1-0

[Event "Stay Safe Play From Home 143"]
[Site "T#645979Emanuel Laske"]
[Date "2020.05.12"]
[Round "1"]
[White "Mandy"]
[Black "Fischer_11"]
[Result "0-1"]
[WhiteElo "924"]
[BlackElo "2017"]
[Annotator "TA"]
[PlyCount "8"]
[EventDate "2020.05.12"]
[EventType "swiss (blitz)"]

{[%evp 8,8,-479]} 1. d4 e5 2. Bf4 ({Predecessor:} 2. dxe5 Nc6 3. Nf3 Qe7 4. Bg5 Qb4+ 5. Bd2 Qe7 6. Bc3 f6 7. exf6 Nxf6 8. g3 g6 9. Bg2 Bg7 10. O-O O-O 11. Nbd2 d6 12. b4 {½-½ (50) Dubov,D (2699)-Golubov,S (2469) Moscow 2019}) 2... exf4 3. f3 d5 4. e4 fxe3 {Not much happened in this game.} 0-1